Statistiques concernant 15 principaux pays touchés par Covid-19 - 17 novembre 2021

Cliquez ici pour prendre le quiz!

Statistiques générales

  • Ce quiz a été pris 17 fois
  • Le résultat moyen est 13 sur 28

Statistiques - réponses

pays% Correct
Allemagne
100%
Espagne
100%
France
100%
Italie
100%
Etats-Unis
94%
Royaume-Uni
94%
Brésil
82%
Inde
76%
Russie
76%
Argentine
65%
Mexique
65%
Iran
59%
Suède
53%
Turquie
47%
Belgique
41%
Colombie
41%
Pays-Bas
41%
Indonésie
29%
Israël
24%
Croatie
18%
Serbie
12%
Slovénie
12%
Bahreïn
0%
Estonie
0%
Géorgie
0%
Lettonie
0%
Lituanie
0%
Tchèquie
0%

Distribution des résultats

Percentile par nombre de réponses

% des personnes avec chaque résultat

Votre développement - résultats

Vous n’avez pas pris ce quiz